000 01761cam a22002054a 4500
005 20250827113855.0
008 250528s ||||||||||||||||||||||||d
035 _a21320
020 _a9789605080341
040 _aGR-AtMCL
_bgre
_dGR-AtMCL
_eAACR2
245 1 _aΚρυπτογραφία & Ασφάλεια Δικτύων / Αρχές & Εφαρμογές: Πρώτη Ελληνική Έκδοση
250 _a
260 _bΊων,
_c2012
300 _a768
520 _aΒασικός οδηγός για τις αρχές, τεχνικές και εφαρμογές της κρυπτογραφίας και της ασφάλειας των δικτύων. Εισαγωγή, Συμμετρικοί Αλγόριθμοι, Κλασσικές Τεχνικές Κρυπτογράφησης, Πεπερασμένα Σώματα, Πρότυπο Κρυπτογράφησης AES, Κρυπτογράφηση Δημόσιου Κλειδιού και Συναρτήσεις Κατακερματισμού, Εισαγωγή στη Θεωρία Αριθμών, Αυθεντικότητα Μηνύματος και Συναρτήσεις Κατακερματισμού, Ψηφιακές Υπογραφές και Πρωτόκολλα Αυθεντικοποίησης, Εφαρμογές Ασφάλειας Κτιρίων, Εφαρμογές Αυθεντικοποίησης, Ασφάλεια Ηλεκτρονικού Ταχυδρομείου, Ασφάλεια στο WEB, Ασφάλεια Συστημάτων, Εισβολείς, Κακόβουλο Λογισμικό, Τείχη Προστασίας, Γλωσσάρι, Βιβλιογραφία, Ευρετήριο.
700 1 _aStallings, William
_91498
942 _cBK
999 _c6385
_d6385